000
00231nam a2200097Ia 4500
008
231212s1936 xx 000 0 und d
041
_a
eng
100
_a
Ramamoorty M.
245
_a
Thyristors & Their
260
_a
Delhi
_b
Nirali
_c
1936
999
_c
960455
_d
960455